| 000 | 01417cab a2200301 4500 | ||
|---|---|---|---|
| 001 | ABS67607 | ||
| 008 | 040317n2004 000 0 eng u | ||
| 035 | _a(Sirsi) u125444 | ||
| 110 |
_aNational Real Estate Investor _93607 |
||
| 245 | _a2004 Corporate real estate survey: a special research report | ||
| 260 | _c2004 | ||
| 490 |
_aNational Real Estate Investor _v46(2) February 2004, 1-4(4) |
||
| 520 | _aData for the 2004 "Corporate real estate survey" was collected between November and December 2003. The purpose of the survey was threefold: to investigate which markets - primary, secondary or tertiary - will experience the most growth over the next 12 months; to determine the commercial real estate holdings of corporations and their near term plans; and to assess potential opportunities for commercial real estate owners, managers and developers in these markets.The results are based on responses from 391 industry professionals. Graphs. [Adapted from journal headnote] | ||
| 590 | _aABS | ||
| 650 | _aCORPORATE REAL ESTATE | ||
| 650 | _aLABOUR COSTS | ||
| 650 | _aSECONDARY MARKET | ||
| 650 | _aPORTFOLIO VALUES | ||
| 650 | _aDEVELOPERS | ||
| 650 | _aOWNERS | ||
| 650 | _aMANAGERS | ||
| 650 | _aRETAIL PROPERTY | ||
| 650 | _aOFFICE SPACE | ||
| 650 |
_aSurvey reports _96270 |
||
| 650 | _aAMERICA | ||
| 690 | _aPROPERTY-COMMERCIAL PROPERTY-COMMERCIAL PROPERTY MARKET | ||
| 942 | _n0 | ||
| 999 |
_c74276 _d74276 |
||